000 00729nam a2200289Ia 4500
005 20260324123052.0
008 008 260324s9999 xx 000 0 eng d
020 _a9780203806371
037 _aEBOOK
040 _aCRL
040 _beng
040 _cCRL
041 _2eng
041 _aeng
084 _qCRL
100 _aAnita Hughes; Veronica Read
_91168904
245 0 _aBuilding Positive Relationships with Parents of Young Children
245 2 _bA guide to effective communication
260 _bTaylor and Francis
260 _c2012
365 _a
365 _b205
856 _uhttp://www.taylorfrancis.com/books/9780203806371
942 _cEBOOK
999 _c1762103
_d1762103